Statistiques concernant Les objets d'une trousse (quotidien)

Cliquez ici pour prendre le quiz!

Statistiques générales

  • Ce quiz a été pris 484 fois
  • Le résultat moyen est 9 sur 12

Statistiques - réponses

HintObjet% Correct
No HintCrayon
99%
No HintStylo
98%
No HintGomme
96%
No HintRègle
91%
No HintTaille Crayon
81%
No HintColle
75%
No HintCiseaux
72%
No HintCompas
71%
No HintSurligneur
61%
No HintBlanco
56%
No HintEquerre
55%
No HintRapporteur
42%

Distribution des résultats

Percentile par nombre de réponses

% des personnes avec chaque résultat

Votre développement - résultats

Vous n’avez pas pris ce quiz